Ṣaḥiḥ Muslim. (Record no. 81813)

MARC details
000 -LEADER
fixed length control field 00569cam a22002051 4500
001 - CONTROL NUMBER
control field sa 68007330
003 - CONTROL NUMBER IDENTIFIER
control field DLC
005 - DATE AND TIME OF LATEST TRANSACTION
control field 20260227112522.0
008 - FIXED-LENGTH DATA ELEMENTS--GENERAL INFORMATION
fixed length control field 890514s1962 xx 000 0 urdo
010 ## - LIBRARY OF CONGRESS CONTROL NUMBER
LC control number sa 68007330
035 ## - SYSTEM CONTROL NUMBER
System control number (OCoLC)23542369
040 ## - CATALOGING SOURCE
Original cataloging agency DLC
Transcribing agency MiU
Modifying agency DLC
050 00 - LIBRARY OF CONGRESS CALL NUMBER
Classification number BP135.A144
Item number U75
100 0# - MAIN ENTRY--PERSONAL NAME
Personal name Muslim ibn al-Ḥajjāj al-Qushayrī,
Dates associated with a name approximately 821-875.
245 10 - TITLE STATEMENT
Title Ṣaḥiḥ Muslim.
260 ## - PUBLICATION, DISTRIBUTION, ETC.
Date of publication, distribution, etc. [1962]
300 ## - PHYSICAL DESCRIPTION
Extent 2 v. (2056 p.)
Dimensions 25 cm.
700 0# - ADDED ENTRY--PERSONAL NAME
Personal name Nawawī,
Dates associated with a name 1233-1277.
700 1# - ADDED ENTRY--PERSONAL NAME
Personal name Jaʻfrī, Raʼīs Aḥmad,
Dates associated with a name 1912-1968.

No items available.

Powered by Koha